| 000 | 00819nam a22002537a 4500 | ||
|---|---|---|---|
| 001 | 0002541 | ||
| 003 | DO-SdBNP | ||
| 005 | 20220624093028.0 | ||
| 007 | 0002541 | ||
| 008 | 160419b 1992 mx |||| 00| 0 spa d | ||
| 020 | _a9688802719 (v.4) | ||
| 040 |
_6BPMSU _8spa _aBPMSU _c |
||
| 082 |
_a005.3 _bC978m 1992 _222 |
||
| 100 | 1 | _aCurtir, Dennis P. | |
| 245 | 1 | 0 |
_aMnaual moderno de computación / _cDennis P. Curtin; editor José Tomás Pérez Bonilla: traductor Sergio Kourchenko Barrena |
| 260 |
_aMéxico : _bPrentice-Hall Hispanoamericana, _c1992 |
||
| 300 |
_a v. : _c32 cm. |
||
| 590 | _6Inventariado, 2022/VM | ||
| 650 | 4 | _aWindows (Programa para computador) | |
| 700 |
_aPérez Bonilla, José Tomás _eed. |
||
| 700 |
_aSergio Kourchenko Barrena _etraductor _4 |
||
| 910 | _aVMateo V. | ||
| 942 |
_2ddc _cBK |
||
| 999 |
_c9840 _d9840 |
||